000 00549nam a22001697a 4500
005 20251108165328.0
008 250721s1990 xx 000 0 ara d
082 1 4 _a636.085/محم
100 1 _aدرويش، محمد يحيى
245 1 0 _aالموسوعة في تغذية الحيوان الزراعي /
264 1 _aالإسكندرية :
_bدار المطبوعات الجديدة،
_c1990.
300 _a409ص
650 1 7 _aتغذية الحيوان
650 1 7 _aالحيوانات الزراعية
942 _2ddc
_cBK
999 _c25218
_d25218